[Event "DVM U12 2023"]
[Site "Magdeburg GER"]
[Date "2023.12.29"]
[Round "5"]
[White "Splitt, Albert"]
[Black "Sharma, Devesh"]
[Result "0-1"]
[Termination "normal"]
[Board "8.3"]
[WhiteElo "1213"]
[BlackElo "1037"]
[WhiteClock "00:03:54"]
[BlackClock "01:21:51"]
[WhiteTeam "Barnimer SF im SV Stahl Finow"]
[BlackTeam "SG Trier 1877"]
[PlyCount "124"]
[WhiteFideId "34602879"]
[BlackFideId "34652477"]
[EventCountry "GER"]
[EventRounds "7"]
[EventType "team-swiss"]
[EventDate "2023.12.26"]

1. e4 {[%clk 01:30:55]} {[%emt 00:00:04]} e5 {[%clk 01:30:55]} {[%emt
00:00:05]} 2. Nf3 {[%clk 01:31:16]} {[%emt 00:00:09]} Nf6 {[%clk 01:30:52]}
{[%emt 00:00:34]} 3. Nc3 {[%clk 01:27:03]} {[%emt 00:04:43]} Nc6 {[%clk
01:31:04]} {[%emt 00:00:18]} 4. g3 {[%clk 01:22:34]} {[%emt 00:04:59]} Bc5
{[%clk 01:30:58]} {[%emt 00:00:35]} 5. Bg2 {[%clk 01:20:49]} {[%emt 00:02:16]}
d6 {[%clk 01:30:51]} {[%emt 00:00:37]} 6. d3 {[%clk 01:20:41]} {[%emt
00:00:38]} h6 {[%clk 01:31:14]} {[%emt 00:00:06]} 7. Qe2 {[%clk 01:19:02]}
{[%emt 00:02:10]} Be6 {[%clk 01:31:23]} {[%emt 00:00:20]} 8. Be3 {[%clk
01:18:07]} {[%emt 00:01:25]} Bb6 {[%clk 01:31:36]} {[%emt 00:00:17]} 9. Qd2
{[%clk 01:12:31]} {[%emt 00:06:07]} Qd7 {[%clk 01:29:48]} {[%emt 00:02:18]} 10.
d4 {[%clk 01:09:35]} {[%emt 00:03:27]} exd4 {[%clk 01:29:04]} {[%emt 00:01:13]}
11. Nxd4 {[%clk 01:09:47]} {[%emt 00:00:18]} O-O-O {[%clk 01:29:08]} {[%emt
00:00:26]} 12. O-O-O {[%clk 01:09:43]} {[%emt 00:00:35]} Rhe8 {[%clk 01:28:23]}
{[%emt 00:01:15]} 13. Rhe1 {[%clk 01:06:22]} {[%emt 00:03:50]} Ba5 {[%clk
01:26:56]} {[%emt 00:01:57]} 14. Nxe6 {[%clk 01:03:52]} {[%emt 00:02:59]} Qxe6
{[%clk 01:25:16]} {[%emt 00:02:10]} 15. f3 {[%clk 01:01:06]} {[%emt 00:03:17]}
Bxc3 {[%emt 00:01:25]} 16. Qxc3 {[%clk 00:58:45]} {[%emt 00:02:49]} Qxa2 {[%clk
01:24:43]} {[%emt 00:00:10]} 17. Kd2 {[%clk 00:49:56]} {[%emt 00:09:19]} d5
{[%clk 01:20:04]} {[%emt 00:05:09]} 18. Ke2 {[%clk 00:48:30]} {[%emt 00:01:56]}
Qa6+ {[%clk 01:20:01]} {[%emt 00:00:32]} 19. Kf2 {[%clk 00:48:03]} {[%emt
00:00:56]} dxe4 {[%clk 01:20:20]} {[%emt 00:00:12]} 20. Ra1 {[%clk 00:47:43]}
{[%emt 00:00:50]} Qb5 {[%clk 01:20:09]} {[%emt 00:00:40]} 21. Bf1 {[%clk
00:46:00]} {[%emt 00:02:13]} Qf5 {[%clk 01:19:53]} {[%emt 00:00:47]} 22. f4
{[%clk 00:44:04]} {[%emt 00:02:26]} Qh5 {[%clk 01:18:02]} {[%emt 00:02:20]} 23.
Kg2 {[%clk 00:42:04]} {[%emt 00:02:30]} Qf3+ {[%clk 01:17:47]} {[%emt
00:00:45]} 24. Kg1 {[%clk 00:41:14]} {[%emt 00:01:20]} h5 {[%clk 01:15:49]}
{[%emt 00:02:29]} 25. Be2 {[%clk 00:41:24]} {[%emt 00:00:20]} Nd5 {[%clk
01:15:11]} {[%emt 00:01:09]} 26. Bxf3 {[%clk 00:38:59]} {[%emt 00:02:55]} Nxc3
{[%clk 01:15:34]} {[%emt 00:00:07]} 27. Bxh5 {[%clk 00:37:22]} {[%emt
00:02:06]} Nd5 {[%clk 01:15:44]} {[%emt 00:00:21]} 28. Bxf7 {[%clk 00:36:15]}
{[%emt 00:01:36]} Rh8 {[%clk 01:15:34]} {[%emt 00:00:40]} 29. Bxa7 {[%clk
00:35:27]} {[%emt 00:01:19]} b6 {[%clk 01:15:37]} {[%emt 00:00:27]} 30. Bxd5
{[%clk 00:34:22]} {[%emt 00:01:35]} Rxd5 {[%clk 01:15:56]} {[%emt 00:00:10]}
31. Rxe4 {[%clk 00:33:28]} {[%emt 00:01:24]} Kb7 {[%clk 01:16:18]} {[%emt
00:00:09]} 32. Rea4 {[%clk 00:30:13]} {[%emt 00:03:46]} Ra5 {[%clk 01:16:37]}
{[%emt 00:00:11]} 33. Rxa5 {[%clk 00:29:14]} {[%emt 00:01:29]} Nxa5 {[%clk
01:17:03]} {[%emt 00:00:04]} 34. Bxb6 {[%clk 00:26:43]} {[%emt 00:03:01]} cxb6
{[%clk 01:17:23]} {[%emt 00:00:09]} 35. Rd1 {[%clk 00:22:38]} {[%emt 00:04:35]}
Kc7 {[%clk 01:17:37]} {[%emt 00:00:16]} 36. Kg2 {[%clk 00:21:47]} {[%emt
00:01:21]} Nc4 {[%clk 01:17:52]} {[%emt 00:00:15]} 37. Rb1 {[%clk 00:21:29]}
{[%emt 00:00:48]} Rd8 {[%clk 01:18:12]} {[%emt 00:00:10]} 38. b3 {[%clk
00:21:31]} {[%emt 00:00:29]} Rd2+ {[%clk 01:18:28]} {[%emt 00:00:14]} 39. Kh3
{[%clk 00:21:21]} {[%emt 00:00:40]} Na3 {[%clk 01:18:45]} {[%emt 00:00:14]} 40.
Ra1 {[%clk 00:20:57]} {[%emt 00:00:54]} Nb5 {[%clk 01:18:49]} {[%emt 00:00:26]}
41. c4 {[%clk 00:20:08]} {[%emt 00:01:19]} Nd6 {[%clk 01:18:47]} {[%emt
00:00:32]} 42. Rc1 {[%clk 00:18:47]} {[%emt 00:01:51]} Kc6 {[%clk 01:19:01]}
{[%emt 00:00:16]} 43. b4 {[%clk 00:18:09]} {[%emt 00:01:08]} Rd4 {[%clk
01:19:07]} {[%emt 00:00:25]} 44. c5 {[%clk 00:18:14]} {[%emt 00:00:25]} Ne4
{[%clk 01:19:02]} {[%emt 00:00:35]} 45. cxb6+ {[%clk 00:15:17]} {[%emt
00:03:26]} Kxb6 {[%clk 01:19:19]} {[%emt 00:00:13]} 46. Rc8 {[%clk 00:12:27]}
{[%emt 00:03:20]} Kb7 {[%clk 01:18:19]} {[%emt 00:01:30]} 47. Rg8 {[%clk
00:12:17]} {[%emt 00:00:40]} Rd7 {[%clk 01:18:42]} {[%emt 00:00:07]} 48. Kh4
{[%clk 00:12:14]} {[%emt 00:00:32]} Nf6 {[%clk 01:18:46]} {[%emt 00:00:26]} 49.
Rf8 {[%clk 00:09:52]} {[%emt 00:02:52]} Kb6 {[%clk 01:18:09]} {[%emt 00:01:07]}
50. Rb8+ {[%clk 00:08:30]} {[%emt 00:01:52]} Kc7 {[%clk 01:18:32]} {[%emt
00:00:08]} 51. Ra8 {[%clk 00:08:23]} {[%emt 00:00:36]} Kb7 {[%clk 01:18:58]}
{[%emt 00:00:05]} 52. Ra5 {[%clk 00:08:08]} {[%emt 00:00:44]} Nd5 {[%clk
01:18:16]} {[%emt 00:01:11]} 53. Kg5 {[%clk 00:07:30]} {[%emt 00:01:07]} Rd6
{[%clk 01:18:10]} {[%emt 00:00:37]} 54. Kf5 {[%clk 00:07:14]} {[%emt 00:00:45]}
Ne3+ {[%clk 01:19:22]} {[%emt 00:04:53]} 55. Ke5 {[%clk 00:05:02]} {[%emt
00:00:35]} Nc4+ {[%clk 01:19:42]} {[%emt 00:00:11]} 56. Kf5 {[%clk 00:04:31]}
{[%emt 00:01:01]} Nxa5 {[%clk 01:19:57]} {[%emt 00:00:15]} 57. bxa5 {[%clk
00:04:44]} {[%emt 00:00:17]} Ka6 {[%clk 01:20:22]} {[%emt 00:00:05]} 58. Ke5
{[%clk 00:04:18]} {[%emt 00:00:56]} Rh6 {[%clk 01:20:42]} {[%emt 00:00:11]} 59.
h4 {[%clk 00:04:34]} {[%emt 00:00:13]} Rg6 {[%clk 01:21:05]} {[%emt 00:00:07]}
60. h5 {[%clk 00:04:02]} {[%emt 00:01:02]} Rxg3 {[%clk 01:21:27]} {[%emt
00:00:08]} 61. h6 {[%clk 00:03:51]} {[%emt 00:00:42]} gxh6 {[%clk 01:21:35]}
{[%emt 00:00:21]} 62. f5 {[%clk 00:03:54]} {[%emt 00:00:26]} h5 {[%clk
01:21:51]} {[%emt 00:00:14]} 0-1

[Event "DVM U12 2023"]
[Site "Magdeburg GER"]
[Date "2023.12.29"]
[Round "5"]
[White "Gilcher, Tamino"]
[Black "Wünsche, Jonathan"]
[Result "1-0"]
[Termination "normal"]
[Board "8.4"]
[WhiteElo "1207"]
[BlackElo "967"]
[WhiteClock "00:55:41"]
[BlackClock "00:43:16"]
[WhiteTeam "SG Trier 1877"]
[BlackTeam "Barnimer SF im SV Stahl Finow"]
[PlyCount "35"]
[WhiteFideId "34681787"]
[BlackFideId "34602836"]
[EventCountry "GER"]
[EventRounds "7"]
[EventType "team-swiss"]
[EventDate "2023.12.26"]

1. e4 {[%clk 01:30:57]} {[%emt 00:00:03]} e5 {[%clk 01:30:51]} {[%emt
00:00:09]} 2. Nf3 {[%emt 00:00:03]} Nc6 {[%emt 00:00:07]} 3. d4 {[%clk
01:31:03]} {[%emt 00:00:14]} exd4 {[%clk 01:20:48]} {[%emt 00:10:33]} 4. Bc4
{[%clk 01:31:02]} {[%emt 00:00:31]} Be7 {[%clk 01:15:56]} {[%emt 00:05:22]} 5.
Nxd4 {[%clk 01:30:23]} {[%emt 00:01:09]} Nxd4 {[%clk 01:15:24]} {[%emt
00:01:02]} 6. Qxd4 {[%clk 01:30:48]} {[%emt 00:00:06]} Nf6 {[%clk 01:14:54]}
{[%emt 00:00:59]} 7. e5 {[%clk 01:27:36]} {[%emt 00:03:41]} Ng4 {[%clk
01:02:32]} {[%emt 00:12:52]} 8. Qxg4 {[%clk 01:18:03]} {[%emt 00:10:04]} d5
{[%clk 01:01:35]} {[%emt 00:01:26]} 9. Qxg7 {[%clk 01:17:27]} {[%emt 00:01:06]}
Rf8 {[%clk 01:01:24]} {[%emt 00:00:41]} 10. Bd3 {[%clk 01:17:35]} {[%emt
00:00:22]} h5 {[%clk 00:55:24]} {[%emt 00:06:30]} 11. Bh6 {[%clk 01:08:12]}
{[%emt 00:09:53]} d4 {[%clk 00:51:44]} {[%emt 00:04:09]} 12. O-O {[%clk
01:06:19]} {[%emt 00:02:23]} h4 {[%clk 00:51:59]} {[%emt 00:00:15]} 13. Qh7
{[%emt 00:03:09]} Qd5 {[%clk 00:48:15]} {[%emt 00:04:12]} 14. Bxf8 {[%clk
00:59:28]} {[%emt 00:04:44]} h3 {[%clk 00:47:12]} {[%emt 00:01:34]} 15. Be4
{[%emt 00:00:38]} Qxe5 {[%clk 00:44:06]} {[%emt 00:03:34]} 16. Bxe7 {[%clk
00:58:02]} {[%emt 00:01:49]} Qxe7 {[%clk 00:44:06]} {[%emt 00:00:29]} 17. Re1
{[%clk 00:56:33]} {[%emt 00:02:00]} c6 {[%clk 00:43:16]} {[%emt 00:01:19]} 18.
Bxc6+ {[%clk 00:55:41]} {[%emt 00:01:22]} 1-0

[Event "DVM U12 2023"]
[Site "Magdeburg GER"]
[Date "2023.12.29"]
[Round "5"]
[White "Libert, Nick"]
[Black "Maier, Kalle"]
[Result "1-0"]
[Termination "normal"]
[Board "9.2"]
[WhiteElo "1304"]
[BlackElo "1436"]
[WhiteClock "02:06:47"]
[BlackClock "00:23:45"]
[WhiteTeam "SF Brackel 1930"]
[BlackTeam "Karlsruher SF 1853"]
[PlyCount "119"]
[WhiteFideId "34634088"]
[BlackFideId "34669604"]
[EventCountry "GER"]
[EventRounds "7"]
[EventType "team-swiss"]
[EventDate "2023.12.26"]

1. e4 {[%clk 01:30:59]} c5 {[%clk 01:30:51]} {[%emt 00:00:09]} 2. d4 {[%clk
01:31:25]} {[%emt 00:00:04]} cxd4 {[%clk 01:31:16]} {[%emt 00:00:05]} 3. c3
{[%clk 01:31:53]} {[%emt 00:00:02]} d6 {[%clk 01:30:17]} {[%emt 00:01:28]} 4.
cxd4 {[%clk 01:32:07]} {[%emt 00:00:17]} Nf6 {[%clk 01:30:13]} {[%emt
00:00:34]} 5. Nc3 {[%clk 01:32:29]} {[%emt 00:00:07]} e6 {[%clk 01:29:28]}
{[%emt 00:01:15]} 6. Bf4 {[%clk 01:31:47]} {[%emt 00:01:12]} a6 {[%clk
01:27:52]} {[%emt 00:02:06]} 7. Nf3 {[%clk 01:32:02]} {[%emt 00:00:16]} Be7
{[%clk 01:26:03]} {[%emt 00:02:18]} 8. Bd3 {[%clk 01:31:58]} {[%emt 00:00:35]}
O-O {[%clk 01:19:37]} {[%emt 00:06:56]} 9. O-O {[%clk 01:32:19]} {[%emt
00:00:09]} Nbd7 {[%clk 01:15:28]} {[%emt 00:04:39]} 10. Qc2 {[%clk 01:32:15]}
{[%emt 00:00:35]} Kh8 {[%clk 01:05:11]} {[%emt 00:10:46]} 11. Rad1 {[%clk
01:31:46]} {[%emt 00:00:59]} b5 {[%clk 00:59:26]} {[%emt 00:06:16]} 12. e5
{[%clk 01:31:59]} {[%emt 00:00:17]} Ne8 {[%clk 00:56:00]} {[%emt 00:03:55]} 13.
exd6 {[%clk 01:30:13]} {[%emt 00:02:17]} Nxd6 {[%clk 00:54:10]} {[%emt
00:02:20]} 14. Ne5 {[%clk 01:30:31]} {[%emt 00:00:12]} Nf6 {[%clk 00:37:33]}
{[%emt 00:17:07]} 15. Nc6 {[%clk 01:29:58]} {[%emt 00:01:02]} Qe8 {[%clk
00:30:23]} {[%emt 00:07:40]} 16. Nxe7 {[%clk 01:30:21]} {[%emt 00:00:07]} Qxe7
{[%clk 00:30:16]} {[%emt 00:00:38]} 17. Rfe1 {[%clk 01:30:47]} {[%emt
00:00:04]} b4 {[%clk 00:27:38]} {[%emt 00:03:08]} 18. Ne4 {[%clk 01:30:59]}
{[%emt 00:00:18]} Ndxe4 {[%clk 00:27:10]} {[%emt 00:00:57]} 19. Bxe4 {[%clk
01:31:26]} {[%emt 00:00:04]} Nxe4 {[%clk 00:27:16]} {[%emt 00:00:24]} 20. Qxe4
{[%clk 01:31:51]} {[%emt 00:00:05]} Bb7 {[%clk 00:24:20]} {[%emt 00:03:26]} 21.
d5 {[%clk 01:32:06]} {[%emt 00:00:15]} Qd8 {[%clk 00:17:13]} {[%emt 00:07:37]}
22. Qxb4 {[%clk 01:31:58]} {[%emt 00:00:38]} Bxd5 {[%clk 00:14:32]} {[%emt
00:03:11]} 23. Be5 {[%clk 01:32:11]} {[%emt 00:00:18]} Qg5 {[%emt 00:01:51]}
24. Bg3 {[%clk 01:32:04]} {[%emt 00:00:36]} a5 {[%clk 00:11:26]} {[%emt
00:02:16]} 25. Qd4 {[%clk 01:31:49]} {[%emt 00:00:44]} Bxa2 {[%clk 00:10:24]}
{[%emt 00:01:33]} 26. Bh4 {[%clk 01:31:32]} {[%emt 00:00:47]} Qg6 {[%clk
00:08:44]} {[%emt 00:02:10]} 27. Re3 {[%clk 01:31:09]} {[%emt 00:00:52]} Qh6
{[%clk 00:06:41]} {[%emt 00:02:33]} 28. Rh3 {[%clk 01:31:01]} {[%emt 00:00:37]}
Qg6 {[%clk 00:04:55]} {[%emt 00:02:17]} 29. Rg3 {[%clk 01:31:08]} {[%emt
00:00:24]} Qh6 {[%clk 00:05:01]} {[%emt 00:00:24]} 30. Bg5 {[%clk 01:31:30]}
{[%emt 00:00:08]} Qg6 {[%clk 00:03:46]} {[%emt 00:01:44]} 31. Bf4 {[%clk
01:31:49]} {[%emt 00:00:11]} Bb3 {[%clk 00:01:33]} {[%emt 00:02:44]} 32. Rxg6
{[%clk 01:32:00]} {[%emt 00:00:19]} hxg6 {[%clk 00:01:58]} {[%emt 00:00:05]}
33. Rd3 {[%clk 01:32:13]} {[%emt 00:00:15]} Bc2 {[%clk 00:01:38]} {[%emt
00:00:50]} 34. Bh6 {[%clk 01:31:47]} {[%emt 00:00:57]} f6 {[%clk 00:00:57]}
{[%emt 00:01:11]} 35. Bxg7+ {[%clk 01:31:36]} {[%emt 00:00:41]} Kxg7 {[%clk
00:01:05]} {[%emt 00:00:22]} 36. Rd2 {[%clk 01:31:31]} {[%emt 00:00:35]} Bf5
{[%clk 00:01:05]} {[%emt 00:00:31]} 37. h3 {[%clk 01:31:52]} {[%emt 00:00:09]}
e5 {[%clk 00:01:00]} {[%emt 00:00:34]} 38. Qe3 {[%clk 01:31:43]} {[%emt
00:00:38]} Rad8 {[%clk 00:00:43]} {[%emt 00:00:49]} 39. Qa7+ {[%clk 01:31:30]}
{[%emt 00:00:38]} Rf7 {[%clk 00:00:45]} {[%emt 00:00:34]} 40. Qxf7+ {[%clk
01:31:41]} {[%emt 00:00:17]} Kxf7 {[%clk 00:00:56]} {[%emt 00:00:18]} 41. Rxd8
{[%clk 01:32:10]} {[%emt 00:00:01]} Bc2 {[%clk 00:01:09]} {[%emt 00:00:17]} 42.
Kf1 {[%clk 01:32:22]} {[%emt 00:00:19]} Ke7 {[%clk 00:00:54]} {[%emt 00:00:45]}
43. Rd2 {[%clk 01:32:45]} {[%emt 00:00:07]} Bb3 {[%clk 00:00:59]} {[%emt
00:00:26]} 44. Ke2 {[%emt 00:00:12]} a4 {[%clk 00:00:33]} {[%emt 00:00:55]} 45.
Kd3 {[%clk 01:33:24]} {[%emt 00:00:10]} Kd6 {[%clk 00:30:02]} {[%emt 00:01:00]}
46. Kc3+ {[%clk 02:03:33]} {[%emt 00:00:20]} Kc5 {[%clk 00:29:53]} {[%emt
00:00:39]} 47. Rd8 {[%clk 02:03:50]} {[%emt 00:00:13]} f5 {[%clk 00:28:43]}
{[%emt 00:01:41]} 48. g3 {[%clk 02:03:11]} {[%emt 00:01:10]} g5 {[%clk
00:26:06]} {[%emt 00:03:06]} 49. h4 {[%clk 02:03:11]} {[%emt 00:00:30]} gxh4
{[%clk 00:25:38]} {[%emt 00:00:58]} 50. gxh4 {[%clk 02:03:38]} {[%emt
00:00:03]} e4 {[%clk 00:25:35]} {[%emt 00:00:33]} 51. h5 {[%clk 02:03:54]}
{[%emt 00:00:14]} f4 {[%clk 00:24:58]} {[%emt 00:01:07]} 52. h6 {[%clk
02:04:11]} {[%emt 00:00:13]} e3 {[%clk 00:25:01]} {[%emt 00:00:27]} 53. fxe3
{[%clk 02:04:27]} {[%emt 00:00:15]} fxe3 {[%clk 00:25:21]} {[%emt 00:00:10]}
54. Re8 {[%clk 02:04:54]} {[%emt 00:00:02]} Bf7 {[%clk 00:25:03]} {[%emt
00:00:47]} 55. Rxe3 {[%clk 02:05:14]} {[%emt 00:00:10]} Bg6 {[%clk 00:25:12]}
{[%emt 00:00:20]} 56. Rg3 {[%clk 02:05:39]} {[%emt 00:00:06]} Bb1 {[%emt
00:00:19]} 57. Rg7 {[%emt 00:00:05]} a3 {[%clk 00:23:26]} {[%emt 00:01:53]} 58.
bxa3 {[%clk 02:06:01]} {[%emt 00:00:08]} Bh7 {[%clk 00:23:28]} {[%emt
00:00:28]} 59. Rxh7 {[%clk 02:06:24]} {[%emt 00:00:07]} Kd6 {[%clk 00:23:45]}
{[%emt 00:00:12]} 60. Rg7 {[%clk 02:06:47]} {[%emt 00:00:07]} 1-0

[Event "DVM U12 2023"]
[Site "Magdeburg GER"]
[Date "2023.12.29"]
[Round "5"]
[White "Müller, Maximilian"]
[Black "Seling, Simon"]
[Result "1/2-1/2"]
[Termination "normal"]
[Board "9.3"]
[WhiteElo "1250"]
[BlackElo "1026"]
[WhiteClock "00:45:39"]
[BlackClock "01:06:28"]
[WhiteTeam "Karlsruher SF 1853"]
[BlackTeam "SF Brackel 1930"]
[PlyCount "84"]
[WhiteFideId "34640282"]
[BlackFideId "34681809"]
[EventCountry "GER"]
[EventRounds "7"]
[EventType "team-swiss"]
[EventDate "2023.12.26"]

1. e4 {[%clk 01:30:59]} e5 {[%clk 01:30:54]} {[%emt 00:00:06]} 2. Nf3 {[%clk
01:31:23]} {[%emt 00:00:05]} Nc6 {[%clk 01:31:21]} {[%emt 00:00:03]} 3. Bc4
{[%clk 01:31:45]} {[%emt 00:00:09]} Bc5 {[%clk 01:31:42]} {[%emt 00:00:08]} 4.
Nc3 {[%clk 01:32:08]} {[%emt 00:00:08]} Nf6 {[%clk 01:31:38]} {[%emt 00:00:33]}
5. d3 {[%clk 01:32:30]} {[%emt 00:00:08]} h6 {[%clk 01:31:48]} {[%emt
00:00:20]} 6. Be3 {[%clk 01:32:26]} {[%emt 00:00:35]} Bb6 {[%clk 01:31:17]}
{[%emt 00:01:01]} 7. h3 {[%clk 01:32:21]} {[%emt 00:00:34]} d6 {[%clk
01:30:54]} {[%emt 00:00:53]} 8. Qd2 {[%clk 01:32:38]} {[%emt 00:00:13]} Be6
{[%clk 01:30:56]} {[%emt 00:00:28]} 9. Bb3 {[%clk 01:32:40]} {[%emt 00:00:29]}
Qd7 {[%clk 01:30:58]} {[%emt 00:00:29]} 10. Bxe6 {[%clk 01:29:21]} {[%emt
00:03:48]} fxe6 {[%clk 01:29:28]} {[%emt 00:02:01]} 11. O-O-O {[%clk 01:29:00]}
{[%emt 00:00:50]} O-O-O {[%clk 01:27:35]} {[%emt 00:02:23]} 12. Bxb6 {[%clk
01:28:16]} {[%emt 00:01:14]} axb6 {[%clk 01:27:25]} {[%emt 00:00:41]} 13. a3
{[%clk 01:20:59]} {[%emt 00:07:46]} d5 {[%clk 01:21:34]} {[%emt 00:06:21]} 14.
exd5 {[%clk 01:20:05]} {[%emt 00:01:24]} exd5 {[%clk 01:21:23]} {[%emt
00:00:41]} 15. d4 {[%clk 01:18:36]} {[%emt 00:01:59]} e4 {[%clk 01:16:27]}
{[%emt 00:05:27]} 16. Ne5 {[%clk 01:14:20]} {[%emt 00:04:46]} Nxe5 {[%clk
01:16:10]} {[%emt 00:00:46]} 17. dxe5 {[%clk 01:14:45]} {[%emt 00:00:06]} d4
{[%clk 01:13:32]} {[%emt 00:03:08]} 18. exf6 {[%clk 01:14:42]} {[%emt
00:00:32]} dxc3 {[%clk 01:12:57]} {[%emt 00:01:05]} 19. Qxc3 {[%clk 01:14:55]}
{[%emt 00:00:17]} Qf7 {[%clk 01:11:34]} {[%emt 00:01:53]} 20. fxg7 {[%clk
01:06:38]} {[%emt 00:08:47]} Rxd1+ {[%clk 01:11:39]} {[%emt 00:00:25]} 21. Rxd1
{[%clk 01:06:45]} {[%emt 00:00:23]} Rg8 {[%clk 01:11:40]} {[%emt 00:00:29]} 22.
Qe3 {[%clk 00:52:53]} {[%emt 00:14:21]} Qxg7 {[%clk 01:09:41]} {[%emt
00:02:29]} 23. Qxe4 {[%clk 00:52:41]} {[%emt 00:00:42]} Qxg2 {[%clk 01:09:02]}
{[%emt 00:01:09]} 24. Qxg2 {[%clk 00:51:39]} {[%emt 00:01:32]} Rxg2 {[%clk
01:08:18]} {[%emt 00:01:14]} 25. Rf1 {[%clk 00:52:03]} {[%emt 00:00:07]} Rh2
{[%clk 01:08:29]} {[%emt 00:00:19]} 26. f4 {[%clk 00:52:19]} {[%emt 00:00:13]}
Rxh3 {[%clk 01:07:49]} {[%emt 00:01:09]} 27. f5 {[%clk 00:52:36]} {[%emt
00:00:14]} Kd8 {[%clk 01:08:06]} {[%emt 00:00:13]} 28. b3 {[%clk 00:52:02]}
{[%emt 00:01:04]} Ke7 {[%clk 01:08:04]} {[%emt 00:00:32]} 29. f6+ {[%clk
00:52:15]} {[%emt 00:00:17]} Kf7 {[%clk 01:08:33]} {[%emt 00:00:02]} 30. a4
{[%clk 00:52:00]} {[%emt 00:00:44]} Re3 {[%clk 01:07:13]} {[%emt 00:01:49]} 31.
Rh1 {[%clk 00:50:53]} {[%emt 00:01:38]} Kxf6 {[%clk 01:06:33]} {[%emt
00:01:11]} 32. Rxh6+ {[%clk 00:51:14]} {[%emt 00:00:09]} Ke7 {[%clk 01:06:57]}
{[%emt 00:00:05]} 33. Kb2 {[%clk 00:50:18]} {[%emt 00:01:27]} Kd7 {[%clk
01:07:01]} {[%emt 00:00:25]} 34. Rh5 {[%clk 00:49:55]} {[%emt 00:00:54]} Kd6
{[%clk 01:05:47]} {[%emt 00:01:44]} 35. b4 {[%clk 00:47:30]} {[%emt 00:02:55]}
Re5 {[%clk 01:05:53]} {[%emt 00:00:23]} 36. Rxe5 {[%clk 00:47:03]} {[%emt
00:00:58]} Kxe5 {[%clk 01:06:09]} {[%emt 00:00:13]} 37. c4 {[%clk 00:45:56]}
{[%emt 00:01:37]} Kd6 {[%clk 01:06:16]} {[%emt 00:00:23]} 38. Kc3 {[%clk
00:45:42]} {[%emt 00:00:44]} Kc6 {[%clk 01:06:23]} {[%emt 00:00:22]} 39. a5
{[%clk 00:44:50]} {[%emt 00:01:23]} bxa5 {[%clk 01:06:30]} {[%emt 00:00:23]}
40. bxa5 {[%clk 00:45:12]} {[%emt 00:00:08]} Kc5 {[%clk 01:06:41]} {[%emt
00:00:18]} 41. Kb3 {[%clk 00:45:28]} {[%emt 00:00:14]} Kd4 {[%clk 01:06:21]}
{[%emt 00:00:50]} 42. Kb4 {[%clk 00:45:39]} {[%emt 00:00:20]} c6 {[%clk
01:06:28]} {[%emt 00:00:24]} 1/2-1/2